MARC details
| 000 -LEADER |
| fixed length control field |
02840cas a2200637 i 4500 |
| 001 - CONTROL NUMBER |
| control field |
200452539 |
| 003 - CONTROL NUMBER IDENTIFIER |
| control field |
TR-AnTOB |
| 005 - DATE AND TIME OF LATEST TRANSACTION |
| control field |
20240824073712.0 |
| 007 - PHYSICAL DESCRIPTION FIXED FIELD--GENERAL INFORMATION |
| fixed length control field |
ta |
| 008 - FIXED-LENGTH DATA ELEMENTS--GENERAL INFORMATION |
| fixed length control field |
760929d19701995fr ar s i0 0fre |
| 010 ## - LIBRARY OF CONGRESS CONTROL NUMBER |
| LC control number |
74161310 |
| Canceled/invalid LC control number |
76161310 |
| 016 7# - NATIONAL BIBLIOGRAPHIC AGENCY CONTROL NUMBER |
| Record control number |
009221112 |
| Source |
Uk |
| 020 ## - INTERNATIONAL STANDARD BOOK NUMBER |
| International Standard Book Number |
9264035044 (1965-1990) |
| 022 ## - INTERNATIONAL STANDARD SERIAL NUMBER |
| International Standard Serial Number |
0259-5249 |
| ISSN-L |
0259-5249 |
| Source |
0 |
| 035 ## - SYSTEM CONTROL NUMBER |
| System control number |
(OCoLC)ocm02471673 |
|
| System control number |
(TR-AnTOB)200452539 |
| 040 ## - CATALOGING SOURCE |
| Original cataloging agency |
DLC |
| Language of cataloging |
eng |
| Description conventions |
rda |
| Transcribing agency |
DLC |
| Modifying agency |
OCL |
| -- |
DLC |
| -- |
NST |
| -- |
DLC |
| -- |
NST |
| -- |
OCL |
| -- |
NST |
| -- |
OCL |
| -- |
NST |
| -- |
HUL |
| -- |
NST |
| -- |
DLC |
| -- |
NST |
| -- |
OCL |
| -- |
WAU |
| -- |
OCL |
| -- |
PIT |
| -- |
GUA |
| -- |
NYP |
| -- |
IUL |
| -- |
NYG |
| -- |
SLU |
| -- |
DLC |
| -- |
SYS |
| -- |
HUL |
| -- |
IUL |
| -- |
ZWZ |
| -- |
OCLCQ |
| -- |
OCLCF |
| -- |
CUY |
| -- |
UKMGB |
| -- |
OCLCA |
| -- |
OCLCQ |
| -- |
PUL |
| -- |
TR-AnTOB |
| 041 0# - LANGUAGE CODE |
| Language code of text/sound track or separate title |
İngilizce |
| -- |
Fransızca |
| 042 ## - AUTHENTICATION CODE |
| Authentication code |
pcc |
| 050 04 - LIBRARY OF CONGRESS CALL NUMBER |
| Classification number |
HJ2279 |
| Item number |
.O74 |
| 090 ## - LOCALLY ASSIGNED LC-TYPE CALL NUMBER (OCLC); LOCAL CALL NUMBER (RLIN) |
| Classification number (OCLC) (R) ; Classification number, CALL (RLIN) (NR) |
HJ2279 |
| Local cutter number (OCLC) ; Book number/undivided call number, CALL (RLIN) |
.O74 |
| 110 2# - MAIN ENTRY--CORPORATE NAME |
| Corporate name or jurisdiction name as entry element |
Organisation for Economic Co-operation and Development |
| 9 (RLIN) |
33753 |
| 210 1# - ABBREVIATED TITLE |
| Abbreviated title |
Stat. recettes publiques pays memb. OCDE |
| 222 #0 - KEY TITLE |
| Key title |
Statistiques de recettes publiques des pays membres de l'OCDE |
| 245 00 - TITLE STATEMENT |
| Title |
Revenue statistics of OECD member countries. |
| 246 13 - VARYING FORM OF TITLE |
| Title proper/short title |
Statistiques de recettes publiques des pays membres de l'OCDE |
| Date or sequential designation |
1965/1971-1965/1995 |
| 264 #1 - PRODUCTION, PUBLICATION, DISTRIBUTION, MANUFACTURE, AND COPYRIGHT NOTICE |
| Place of production, publication, distribution, manufacture |
Paris, France : |
| Name of producer, publisher, distributor, manufacturer |
Organisation for Economic Co-operation and Development, |
| Date of production, publication, distribution, manufacture, or copyright notice |
1972-©1996. |
| 300 ## - PHYSICAL DESCRIPTION |
| Extent |
25 volumes : |
| Other physical details |
illustrations ; |
| Dimensions |
29 cm |
| 310 ## - CURRENT PUBLICATION FREQUENCY |
| Current publication frequency |
Annual |
| 336 ## - CONTENT TYPE |
| Content type term |
text |
| Content type code |
txt |
| Source |
rdacontent |
| 337 ## - MEDIA TYPE |
| Media type term |
unmediated |
| Media type code |
n |
| Source |
rdamedia |
| 338 ## - CARRIER TYPE |
| Carrier type term |
volume |
| Carrier type code |
nc |
| Source |
rdacarrier |
| 362 0# - DATES OF PUBLICATION AND/OR SEQUENTIAL DESIGNATION |
| Dates of publication and/or sequential designation |
1968/1970-1965/1995. |
| 515 ## - NUMBERING PECULIARITIES NOTE |
| Numbering peculiarities note |
Volume for 1965-1977 not published. |
|
| Numbering peculiarities note |
Volumes for <1965-1994>-1965-1995 called also <1995>-1996 ed. |
| 530 ## - ADDITIONAL PHYSICAL FORM AVAILABLE NOTE |
| Additional physical form available note |
Also issued online. |
| 546 ## - LANGUAGE NOTE |
| Language note |
In English, 1970; in English and French, 1971-1995. |
| 580 ## - LINKING ENTRY COMPLEXITY NOTE |
| Linking entry complexity note |
Issued also on diskette. |
| 590 ## - LOCAL NOTE (RLIN) |
| Local note |
SERBIB/SERLOC merged record |
| 650 #0 - SUBJECT ADDED ENTRY--TOPICAL TERM |
| Topical term or geographic name entry element |
Revenue |
| Geographic subdivision |
OECD countries |
| Form subdivision |
Statistics |
| -- |
Periodicals |
| 9 (RLIN) |
141260 |
|
| Topical term or geographic name entry element |
Taxation |
| Geographic subdivision |
OECD countries |
| Form subdivision |
Statistics |
| -- |
Periodicals |
| 9 (RLIN) |
22876 |
|
| Topical term or geographic name entry element |
Revenue. |
| Source of heading or term |
fast |
| Authority record control number or standard number |
(OCoLC)fst01096486 |
|
| Topical term or geographic name entry element |
Taxation. |
| Source of heading or term |
fast |
| Authority record control number or standard number |
(OCoLC)fst01143876 |
|
| Topical term or geographic name entry element |
Recettes fiscales |
| Geographic subdivision |
Pays de l'OCDE |
| General subdivision |
Statistiques. |
| Source of heading or term |
ram |
|
| Topical term or geographic name entry element |
Impôt |
| Geographic subdivision |
Pays de l'OCDE |
| General subdivision |
Statistiques. |
| Source of heading or term |
ram |
| 651 #7 - SUBJECT ADDED ENTRY--GEOGRAPHIC NAME |
| Geographic name |
OECD countries. |
| Source of heading or term |
fast |
| Authority record control number or standard number |
(OCoLC)fst01277092 |
| 655 #7 - INDEX TERM--GENRE/FORM |
| Genre/form data or focus term |
Periodicals. |
| Source of term |
fast |
| Authority record control number |
(OCoLC)fst01411641 |
|
| Genre/form data or focus term |
Statistics. |
| Source of term |
fast |
| Authority record control number |
(OCoLC)fst01423727 |
|
| Genre/form data or focus term |
Periodicals. |
| Source of term |
lcgft |
| Authority record control number |
http://id.loc.gov/authorities/genreForms/gf2014026139 |
| -- |
(uri) http://id.loc.gov/authorities/genreForms/gf2014026139 |
| 776 1# - ADDITIONAL PHYSICAL FORM ENTRY |
| Title |
Revenue statistics of OECD member countries (Diskette) |
| Record control number |
(DLC)sn 95043617 |
| -- |
(OCoLC)33852840 |
|
| Relationship information |
Online version: |
| Title |
Revenue statistics of OECD member countries |
| Record control number |
(OCoLC)565041332 |
| 785 00 - SUCCEEDING ENTRY |
| Title |
Revenue statistics |
| International Standard Serial Number |
1560-3660 |
| Record control number |
(DLC) 99100871 |
| -- |
(OCoLC)37681379 |
| 942 ## - ADDED ENTRY ELEMENTS (KOHA) |
| Source of classification or shelving scheme |
Library of Congress Classification |
| Koha item type |
Continuing Resource |